Регионална библиотека "Любен Каравелов" - Русе

Математически състезания в тестове и задачи VІ клас (Запис номер 35810)

MARC детайли
000 -Лидер
Контролно поле с фиксирана дължина 01799nam a2200397 c 4500
003 - Код на организацията, давaща контролен номер
Контролно поле BLK
005 - Дата и час на последна редакция
Контролно поле 20180422100419.0
008 - Елементи от данни с фиксирана дължина
fixed length control field 180408b bul|||||r ||||||| ||bul||
010 ## - Наследен системен номер
LC control number KNG00038581000
020 ## - Международен стандартен номер на книга ISBN
Международен стандартен номер на книга ISBN 978-954-745-200-8
-- издат.: Регалия 6
040 ## - Източник на каталожния запис
Идентификатор на билиотеката - собственик на записа BLK
041 ## - Код за език
Код за езика на текст/звукозапис или на отделно заглавие Български
Код за езика КДБФ Български
072 #7 - Код за тематичната категория
Код организация bullib
Код за тематична категория Н372
Текст Учебни предмети. Учебници Н
080 ## - УДК
Текстов определител УДК Методика на математиката
УДК код - определител по УДК 372.851
УДК определител (076)(075.2)
УДК - код + определител 372.851(076)(075.2)
139 ## - Редно поле
Редна дума Математически състезания в тестове и задачи VІ клас
Авторски знак Мате - М 39
245 10 - Сведения за заглавието
Заглавие Математически състезания в тестове и задачи VІ клас
Редно поле (дума) състав. Димитър Георгиев Димитров; състав. Йорданка Владимирова Еленкова.
257 ## - Страна на издаване
Страна на създаване/издаване България
260 ## - Област на издателските данни
-- София
Име на издателя, разпространителя и проч. Регалия 6
Година на издаване 2010
Печатница София : Унискорп
300 ## - Физическа характеристика
Страници 100 с.
Размери/Мащаб 24 см
380 ## - Жанр
Жанр Обществени науки
500 ## - Общи забележки
Забележка Съдържа и Отговори, упътвания, решения.
650 #4 - Допълнително описание по предмет – тема
Основно описание – тема или топоним Математика - методи на обучение в основното образование
9 (RLIN) 274356
650 #4 - Допълнително описание по предмет – тема
Основно описание – тема или топоним Математика - състезания
9 (RLIN) 274573
653 ## - Ключова дума – ненормативна
Ключова дума математика
653 ## - Ключова дума – ненормативна
Ключова дума математически състезания
653 ## - Ключова дума – ненормативна
Ключова дума методи на обучение
653 ## - Ключова дума – ненормативна
Ключова дума VІ кл.
659 ## - Тематичен бюлетин
Тематичен бюлетин Н
700 1# - Други автори (авторска отговорност)
Лично име Димитров, Димитър Георгиев
Автороска отговорност (Описва отношението между автора и произведението) състав.
9 (RLIN) 364131
700 1# - Други автори (авторска отговорност)
Лично име Еленкова, Йорданка Владимирова
Автороска отговорност (Описва отношението между автора и произведението) състав.
9 (RLIN) 274572
852 ## - Местоположение
Форматна сигнатура Цб 251717
856 4# - Електронен адрес и достъп
Електронен формат pdf - файл
Път до файла /url/
856 4# - Електронен адрес и достъп
Електронен формат pdf - файл
Път до файла /url/
942 ## - АРТИКУЛИ
Вид на библиотечния материал Книги
Скрит в OPAC Не
944 ## - СЪЗДАВАНЕ И РЕДАКЦИЯ на ЗАПИСА
Създаване/Редакция Създаване
Дата на регистрацията/редакция 17.05.2011
Служител, извършил регистрацията/редакцията Милена_Ачева
944 ## - СЪЗДАВАНЕ И РЕДАКЦИЯ на ЗАПИСА
Създаване/Редакция Редакция
Дата на регистрацията/редакция 26.08.2011
Служител, извършил регистрацията/редакцията
999 ## - СИСТЕМНИ КОНТРОЛНИ НОМЕРА
Koha biblionumber 35810
Koha biblioitemnumber 35810
Наличности
Код за отписване Код за изгубен артикул Код за повреда Коз за рестрикции Код за отдаване Артикулен № Име на библиотеката - собственик Име на библиотеката, в която се намира в момента Статус (Текущо местоположение) Дата на вписване в системата Местоположение - отдел Цена в лева Инвентарен номер Систематично азбучна сигнатура Баркод Номер на екземпляра Цена в евро Служебна бележка Служебен тип на артикула
  Не е изгубен Не е повреден без рестрикции ползва се в читалня 56515 Регионална библиотека "Любен Каравелов" Русе Регионална библиотека "Любен Каравелов" Русе Хранилище 2011-05-12 Хранилище 6.00 120000750772 Цб 251717 120000750772 1 3.07 Дост: Dp Вид: Д N: 30 Дата: 28.07.2010 Книги
Vip Innovations Ltd, Rousse, Bulgaria 2025